000 01425nam a22003977a 4500
001 000101376
003 CHAP
005 20220329143520.0
008 100322s2010 mx r 00010 spa d
010 _a97839
011 _a98811
035 _a109496
040 _cCHAP
090 _aTesis
100 1 _aLimón Jiménez, Abraham.
_966860
245 1 0 _aElaboración de licor de nanche (byrosonima cressifolia (L.) Kunt) /
_c/por Abraham Limón Jiménez.
260 _aChapingo, Méx. :
_bEl autor,
_c2010.
300 _aviii, 42 h. :
_bgráfs.
502 _aTesis (Ing. en Restauración Forestal) - UACH. División de Ciencias Forestales
590 _aALEPH
_b10
_c20130110
_lUCH01
_h1532
590 _aBATCH-UPD
_b10
_c20130110
_lUCH01
_h1404
590 _aBATCH-UPD
_b10
_c20130410
_lUCH01
_h0854
590 _aBATCH-UPD
_b10
_c20130914
_lUCH01
_h0759
590 _aBATCH-UPD
_b10
_c20140324
_lUCH01
_h1515
590 _aBATCH-UPD
_b10
_c20141002
_lUCH01
_h0842
590 _aCONVERSION
_b10
_c20130109
_lUCH01
_h1354
590 _aE12093SGE
_b10
_c20130718
_lUCH01
_h0837
650 0 4 _aByrsonima crassifolia.
_916508
650 0 4 _aLicores.
_966717
856 _3Finding aid
_uhttp://10.13.5.2/tesis/109496.pdf
_zTeclea aquí
901 _aBK
942 _cFOLL
942 _n0
949 _bBC
_cTES
_d33724002170850
_eTS2
_fc.2
_gDonaciØn
_h50610
_i109496
_sb
949 _bBC
_cTES
_d33724002170892
_eTS1
_gDonaciØn
_h50609
_i109496
_sb
999 _c97839
_d97839